Macroeconomía /

Guardado en:
Autor Principal: Rosenberg, Raquel
Formato: Libro
Publicado: Buenos Aires : El Ateneo, 1993
Materias:
Etiquetas: Agregar Etiqueta
Sin Etiquetas, Sea el primero en etiquetar este registro!
LEADER 00860nam a22002055a 4500
001 CEM.cems016519
005 20110922085539.0
008 130507s1993##################000#0#####d
003 CEMS
020 |a 9500273349 
082 0 4 |a 330 
100 1 |a Rosenberg, Raquel 
245 1 0 |a Macroeconomía /  |c Raquel Rosenberg 
260 |a Buenos Aires :  |b El Ateneo,  |c 1993 
300 |a 169 p. 
505 0 |a Conceptos fundamentales -- Enfoque micro y macroeconómico -- Categorías económicas -- Dinero, crédito y bancos -- Términos y organismos del intercambio internacional -- Fluctuaciones económicas -- Desarrollo y subdesarrollo -- Sistemas económicos -- Política macroeconómica 
653 |a Macroeconomía 
653 |a Economía 
859 |a CEMS  |b BIB. CEMS - Agricultura  |h 330  |i R723  |p A17824.94  |t Ej.1 
859 |a CEMS  |b BIB. CEMS - Agricultura  |h 330  |i R723  |p A17825.94  |t Ej.2